00334cam a2200133Ia 4500020001500000020001800015040000800033082002600041100001900067245003200086260003400118300003300152650001500185 a0870554433 a9780870554438 cKUK04a635 AVI 1983 C149 Or.1 aTindall, H. D.10aVegetables in the tropics / aWestport, Conn :bAVI,c1983. axi, 533 p. :bill. ;c25 cm. 0aVegetables